| 000 | 00582 a2200145 4500 | ||
|---|---|---|---|
| 082 | _aBICSE-6 | ||
| 100 |
_aMuhammad Asim Mahboob _992646 |
||
| 245 |
_aEyes on the road traffic police assistant _cMuhammad Asim Mahboob |
||
| 260 |
_aIslamabad _bNUST School of Electrical Engineering and Computer Science _c2012 |
||
| 300 |
_a51p. _b:ill. _c:27cm.+ _eCD-ROM |
||
| 500 | _aSupervisors: Mr. Kamran Zaidi, Dr. Rehan Hafiz, Mr. Asad Ali Shah | ||
| 700 |
_aMahmood Khalid, Ahmad Ishfaq _992647 |
||
| 856 | _uhttp://10.250.8.41:8080/xmlui/handle/123456789/10687 | ||
| 942 |
_cPR _kBICSE-6 ASI _2ddc |
||
| 999 |
_c11255 _d11255 |
||